Los procedimientos de polica̕ local

Bibliographic Details
Main Author: Chv̀ez Chv̀ez, Eric Andrš
Format: eBook
Language:Spanish
Subjects:
Online Access:Acceso restringido

MARC

LEADER 00000nam a22000007a 4500
005 20200205215526.0
007 cr|||| ||||
008 200205s2020 cl |||||s|||| 00||0 spa d
020 |a 978-956-8217-61-7 
035 |a 30982 
040 |a vLex 
090 |c 10119  |d 10119 
100 1 |a Chv̀ez Chv̀ez, Eric Andrš 
245 1 3 |a Los procedimientos de polica̕ local  |h [Recurso electrn̤ico] /  |c Eric Andrš Chv̀ez Chv̀ez 
256 |a Servicio en ln̕ea 
300 |a 1 recurso electrn̤ico 
506 1 |a Disponible solo en los productos indicados  |d vLex Global  |d vLex Global (Academic Edition, excluding Law Schools)  |d vLex Global (U.S. Academic Edition, Law Schools)  |d vLex Global (U.S. Academic Edition, excluding Law Schools)  |d vLex Global (Academic Edition, Law Schools) 
650 0 4 |a Derecho Procesal  |z Chile 
650 0 4 |a Derecho Pb︢lico y Administrativo  |z Chile 
740 0 |a vLex Libros (Servicio en ln̕ea) 
856 4 0 |u http://vlex.com/source/procedimientos-policia-local-30982  |z Acceso restringido 
942 |c BOOK 
999 0 |a Procedural Law 
999 0 |a Public and Administrative Law